Statistics for Countries by a Single Word #4

Click here to take the quiz!

General Stats

  • This quiz has been taken 152 times
  • The average score is 11 of 20

Answer Stats

ClueCountry% Correct
CastroCuba
92%
SaddamIraq
87%
TibetChina
86%
NamibNamibia
86%
KhmerCambodia
80%
WaterlooBelgium
76%
AtacamaChile
69%
ManaguaNicaragua
68%
CreoleHaiti
58%
MaputoMozambique
55%
PNGPapua New Guinea
52%
KeflavíkIceland
44%
MaduroVenezuela
38%
ShqipëriAlbania
32%
BataviaIndonesia
32%
DaugavpilsLatvia
27%
NakhchivanAzerbaijan
22%
AubameyangGabon
22%
POLISARIOMorocco
17%
TannaVanuatu
7%

Score Distribution

Percentile by Number Answered

Percent of People with Each Score

Your Score History

You have not taken this quiz